Loreto College Library, Kolkata
WEBOPAC (ONLINE PUBLIC ACCESS CATALOGUE)

The Vedic people (Record no. 85)

MARC details
000 -LEADER
fixed length control field 00617nam a2200229Ia 4500
005 - DATE AND TIME OF LATEST TRANSACTION
control field 20230128104509.0
008 - FIXED-LENGTH DATA ELEMENTS--GENERAL INFORMATION
fixed length control field 131103s9999 xx 000 0 und d
020 ## - ISBN | অাই এস বি এন
ISBN | অাই এস বি এন 8125010807
PRICE Rs. 275
040 ## - CATALOGING SOURCE
Original cataloging agency Loreto College
041 ## - LANGUAGE CODE
Language code English
082 ## - DDC | ডিউই
Classification number | বর্গসংখ্যা 954.01
Book Number | গ্রন্থাঙ্ক KOC
100 ## - MAIN ENTRY--PERSONAL NAME | মুখ্য সংলেখ - ব্যাক্তিনাম
Personal name | ব্যাক্তিনাম Kochhar, Rajesh
245 #4 - TITLE STATEMENT | অাখ্যা বিবরণী
Title | অাখ্যা The Vedic people
Sub title | উপঅাখ্যা Their history and geography
Statement of responsibility | লেখকের দায়িত্বের বিবরণ Rajesh Kochhar
260 ## - IMPRINT | প্রকাশনা ক্ষেত্র
Place of publication | প্রকাশ স্থান Delhi
Name of publisher | প্রকাশকের নাম Orient Longman
Date of publication | প্রকাশ কাল 2000
300 ## - PHYSICAL DESCRIPTION |
Page / Vol. No | পৃষ্ঠা / খন্ড সংখ্যা xiv,259p
Other physical details | অনান্য বাহ্যিক বিবরণ maps, tables
504 ## - BIBLIOGRAPHY, ETC. NOTE
Bibliography, etc Reprinted 2002
630 ## - SUBJECT ADDED ENTRY--UNIFORM TITLE
Uniform title India, Early History
650 ## - SUBJECT ADDED ENTRY--TOPICAL TERM | বিষয় শিরোনাম - মূল বিষয়
Topical term | মূল বিষয় Early India
651 ## - SUBJECT ADDED ENTRY--GEOGRAPHIC NAME | বিষয় শিরোনাম - ভৌগলিক নাম
Geographic name | ভৌগলিক বিষয় India, History
850 ## - HOLDING INSTITUTION
Holding institution LCLIB
942 ## - ADDED ENTRY ELEMENTS (KOHA)
Koha item type Books
Holdings
Withdrawn status Lost status Source of classification Damaged status Not for loan Home library Current library Date acquired Total Checkouts Full call number Accession No. Date last seen Date checked out Price effective from Koha item type Coded location qualifier
    Dewey Decimal Classification     Loreto College Loreto College 04/11/2013 17 954.01 KOC 43524 B90 15/11/2019 15/11/2019 04/11/2013 Books